Markets (Record no. 82303)
[ view plain ]
| 000 -LEADER | |
|---|---|
| fixed length control field | 01108cam a22002175a 4500 |
| 001 - CONTROL NUMBER | |
| control field | L149855 |
| 008 - FIXED-LENGTH DATA ELEMENTS--GENERAL INFORMATION | |
| fixed length control field | 100505e2010 xxk 000 0 eng d |
| 035 ## - SYSTEM CONTROL NUMBER | |
| System control number | (Sirsi) u149855 |
| 041 0# - LANGUAGE CODE | |
| Language code of text/sound track or separate title | eng |
| 100 1# - MAIN ENTRY--PERSONAL NAME | |
| Personal name | Shah, Aditi |
| 245 00 - TITLE STATEMENT | |
| Title | Markets |
| Remainder of title | Cheshire and north Wales |
| 260 ## - PUBLICATION, DISTRIBUTION, ETC. | |
| Date of publication, distribution, etc. | 2010 |
| 490 #0 - SERIES STATEMENT | |
| Series statement | Property Week |
| Volume/sequential designation | 76(16) 23 April 2010, 55-58(4) |
| 520 ## - SUMMARY, ETC. | |
| Summary, etc. | Council-commissioned study seeks to address Chester's severe shortage of office space. Scarborough Development Group hopes to gain planning consent for a £25m retail-led scheme in Congleton. The Northgate development, probably Chester's single greatest redevelopment opportunity, has been a poisoned chalice so far. Planning consents will become more difficult if Chester is granted World Heritage status. Conygar Development Company expects to receive planning consent in early May for a 130 000 sq ft industrial development on the outskirts of Holyhead. |
| 590 ## - LOCAL NOTE (RLIN) | |
| Local note | KA |
| 651 #4 - SUBJECT ADDED ENTRY--GEOGRAPHIC NAME | |
| Geographic name | Cheshire |
| 651 #4 - SUBJECT ADDED ENTRY--GEOGRAPHIC NAME | |
| Geographic name | Wales |
| Chronological subdivision | 2007- |
| 690 ## - LOCAL SUBJECT ADDED ENTRY--TOPICAL TERM (OCLC, RLIN) | |
| Topical term or geographic name as entry element | PROPERTY-COMMERCIAL PROPERTY-COMMERCIAL PROPERTY MARKET |
| 700 1# - ADDED ENTRY--PERSONAL NAME | |
| Personal name | Kenney, Tim |
| 942 ## - ADDED ENTRY ELEMENTS (KOHA) | |
| Suppress in OPAC | 0 |
| Withdrawn status | Lost status | Source of classification or shelving scheme | Damaged status | Not for loan | Home library | Current library | Shelving location | Date acquired | Total Checkouts | Full call number | Barcode | Date last seen | Copy number | Price effective from | Koha item type |
|---|---|---|---|---|---|---|---|---|---|---|---|---|---|---|---|
| Dewey Decimal Classification | London | London | Journal article | 05/05/2010 | L149855 | 149855-1001 | 06/08/2019 | 1 | 06/08/2019 | Journal article |